Your tongue can tell : discover your sense of taste /

Text and suggested activities explore the sense of taste, how it works, and how it can help us detect which foods are sweet, sour, salty, or spicy.

Bibliographic Details
Main Author: Cobb, Vicki
Corporate Author: NetLibrary, Inc
Other Authors: Lewis, Cynthia Copeland, 1960- (Illustrator)
Format: eBook
Language:English
Published: Brookfield, Conn. : Millbrook Press, 2000.
Series:Cobb, Vicki. Five senses.
Subjects:
Online Access:Connect to the full text of this electronic book

MARC

Tag First Indicator Second Indicator Subfields
LEADER 00000cam a2200000La 4500
001 in00001748713
005 20220105122518.0
006 m u
007 cr cn-
008 010202s2000 ctu js 000 0 eng d
010 |z  99047873  
020 |a 0585341230 (electronic bk.) :  |c $21.90 
020 |z 0761314733 (lib. bdg.) 
035 |a (OCoLC)ocm47011961 
035 |a 49664  |b (N$T) 
040 |a N$T  |c N$T  |d OCL  |d UtOrBLW 
049 |a IKMN 
050 1 4 |a QP456  |b .C625 2000eb 
082 0 4 |a 612.8/7  |2 21 
100 1 |a Cobb, Vicki.  |0 http://id.loc.gov/authorities/names/n79003243 
245 1 0 |a Your tongue can tell :  |b discover your sense of taste /  |c Vicki Cobb ; ilustrations by Cynthia C. Lewis. 
264 1 |a Brookfield, Conn. :  |b Millbrook Press,  |c 2000. 
300 |a 32 unnumbered pages :  |b color illustrations ;  |c 27 cm. 
336 |a text  |b txt  |2 rdacontent 
337 |a computer  |b c  |2 rdamedia 
338 |a online resource  |b cr  |2 rdacarrier 
490 1 |a Five senses 
520 |a Text and suggested activities explore the sense of taste, how it works, and how it can help us detect which foods are sweet, sour, salty, or spicy. 
533 |a Electronic reproduction.  |b Boulder, Colo. :  |c NetLibrary,  |d 2001.  |n Available via World Wide Web.  |n Access may be limited to NetLibrary affiliated libraries. 
500 |a Electronic resource. 
650 0 |a Taste  |v Juvenile literature.  |0 http://id.loc.gov/authorities/subjects/sh2008112522 
650 1 |a Taste. 
650 1 |a Senses and sensation. 
655 7 |a Electronic books.  |2 local 
700 1 |a Lewis, Cynthia Copeland,  |d 1960-  |e illustrator.  |0 http://id.loc.gov/authorities/names/n88168609 
710 2 |a NetLibrary, Inc.  |0 http://id.loc.gov/authorities/names/no99080690 
776 0 |c Original  |w (DLC) 99047873  |w (OCoLC)42652548 
800 1 |a Cobb, Vicki.  |t Five senses.  |0 http://id.loc.gov/authorities/names/n99256276 
856 4 1 |u https://proxy.library.tamu.edu/login?url=http://www.netLibrary.com/urlapi.asp?action=summary&v=1&bookid=49664  |z Connect to the full text of this electronic book  |t 0 
994 |a 92  |b IKM 
999 |a MARS 
999 f f |s 93038d20-7463-3e4c-a477-29a70cc3a73c  |i e97cc519-0865-38a5-aeca-080b6929d7de  |t 0 
952 f f |a Texas A&M University  |b College Station  |c Electronic Resources  |d Available Online  |t 0  |e QP456 .C625 2000eb  |h Library of Congress classification 
998 f f |a QP456 .C625 2000eb  |t 0  |l Available Online